| 000 -LEADER |
| fixed length control field |
00798pab a2200181 454500 |
| 008 - FIXED-LENGTH DATA ELEMENTS--GENERAL INFORMATION |
| fixed length control field |
180718b1999 xxu||||| |||| 00| 0 eng d |
| 100 ## - MAIN ENTRY--PERSONAL NAME |
| Personal name |
Delahanty, Julie |
| 245 ## - TITLE STATEMENT |
| Title |
From social movements to social clauses: assessing strategies for improving women's health and labour conditions in the garment sector |
| 260 ## - PUBLICATION, DISTRIBUTION, ETC. |
| Date of publication, distribution, etc. |
1999 |
| 300 ## - PHYSICAL DESCRIPTION |
| Extent |
p.98-102 |
| 362 ## - DATES OF PUBLICATION AND/OR SEQUENTIAL DESIGNATION |
| Dates of publication and/or sequential designation |
Dec |
| 520 ## - SUMMARY, ETC. |
| Summary, etc. |
Julie Delahanty and Mashuda Khatun Shefali look at how economic globalization is profoundly affecting the international division of labour. They detail how garment industry changes have had a profound impact on workers - most of them women - and their health. - Reproduced |
| 650 ## - SUBJECT ADDED ENTRY--TOPICAL TERM |
| Topical term or geographic name entry element |
Health services |
| 650 ## - SUBJECT ADDED ENTRY--TOPICAL TERM |
| Topical term or geographic name entry element |
Women workers |
| 700 ## - ADDED ENTRY--PERSONAL NAME |
| Personal name |
Shefali, Mashuda Khatun |
| 773 ## - HOST ITEM ENTRY |
| Main entry heading |
Development |
| 909 ## - |
| -- |
43791 |